000 00554nam a2200145Ia 4500
008 151213s9999 xx 000 0 und d
100 _aবুলবুল আহমেদ।
245 _aনারসিংদী জেলার উয়ারীবটেশ্বর।
_cবুলবুল আহমেদ।
260 _aঢাকা।
_bরাইটার্স ফাউন্ডেশন্স।
_c2001
300 _a8665 p.
650 _aBangla
650 _aগল্প।
700 _aবুলবুল আহমেদ।
999 _c4451
_d4451